Ein Archiv voller Kinder

Titel: Ein Archiv voller Kinder
Verfasser:
In: Sächsisches Archivblatt, Heft 2 (2009), Seite 27-28
alle Artikel anzeigen
Veröffentlicht: 2009
Format: Aufsatz
Kein Bild verfügbar
X
alg: 44198904
001A    $03036:30-01-19 
001B    $01999:30-01-19 $t23:08:24.000 
001D    $03036:30-01-19 
001U    $0utf8 
001X    $00 
002@    $0Aox    
003@    $0441989047 
007A    $0441989047 $aHEB 
007T    $0ArchMa16187 
011@    $a2009 
021A    $aEin @Archiv voller Kinder 
028A    $aHerrmann $dHans-Christian 
031A    $e2 $h27-28 $j2009 
039B    $aIn $8--Abvc--. Sächsisches Archivblatt. - Dresden : Sächsisches Staatsarchiv, 1992-2021 $x200900000000002973 $9048627194 
045T    $a8,1 

lok: 44198904 105

exp: 44198904 105 1 #EPN
201B/01 $030-01-19 $t14:52:31.000 
201C/01 $030-01-19 
201U/01 $0utf8 
203@/01 $01042363226 
208@/01 $a13-12-18 $be 
209A/01 $a/ $f106 $x00 
245Z/01 $a2.12. $bArchivwissenschaft und Archivtheorie / Öffentlichkeitsarbeit $x01 
245Z/01 $a3.15.02. $bArchivwesen des Bundes- und der deutschen Bundesländer / Sachsen / Archive und Archivbestände $x02 
247C/01 $8->Marburg, Bibliographie zum Archivwesen der Archivschule Marburg $939588196X
LEADER 00000caa a22000002c 4500
001 441989047
003 DE-603
005 20190130230824.0
007 tu
008 190130s2009 xx |||| | u00||u|und c
035 |a (DE-599)HEB441989047 
040 |a DE-603  |b ger  |c DE-603  |d DE-603 
084 |a 8,1  |2 ssgn 
100 1 |a Herrmann, Hans-Christian 
245 0 0 |a ˜Einœ Archiv voller Kinder 
264 0 |c 2009 
773 0 8 |i In  |t Sächsisches Archivblatt  |d Dresden : Sächsisches Staatsarchiv, 1992-2021  |h 30 cm  |g Heft 2 (2009), Seite 27-28  |w (DE-603)048627194  |w (DE-600)1151016-X 
924 0 |9 -  |a (DE-603)1042363226  |b DE-  |c HES  |d d  |g /